Territories/islands that a new user might think is a country - Statistics

General Stats
  • This quiz has been taken 18 times
  • The average score is 8 of 12
Answer Stats
Hint Answer % Correct
Part of the UK Scotland
100%
Part of the UK Wales
100%
Part of the UK England
94%
Sounds like "Guyana" French Guiana
94%
Next to Canada Greenland
89%
island in the Caribbean Aruba
72%
In the Middle East Palestine
67%
Subregion of Oceania Polynesia
67%
Island south of Australia Tasmania
50%
Part of the UK Falkland Islands
33%
Territory of the Netherlands Holland
28%
Island owned by the Uk Turks and Caicos
17%
No matching quizzes found
Score Distribution
Percent of People with Each Score
Percentile by Number Answered
Your Score History
You have not taken this quiz